| 000 | 00677cam a22002052 4500 | ||
|---|---|---|---|
| 001 | 0000023791 | ||
| 005 | 20151217152248.0 | ||
| 008 | 130325s xx 000 0 eng d | ||
| 020 | _a0821348108 : | ||
| 040 |
_aKABU _cKABU |
||
| 245 | 1 | 0 |
_aNatural resource management strategy : _bEastern Europe and Central Asia. |
| 250 | _a1st ed. | ||
| 260 |
_aWashington, D. C. : _bWorld Bank, _c2000. |
||
| 300 | _axvi, 134 p. | ||
| 650 | 0 |
_aNatural resources _xManagement _zEurope, Eastern. _@0000183503 |
|
| 650 | 0 |
_aNatural resources _xManagement _zAsia, Central. _@0000183504 |
|
| 852 | 1 | _9p1200 KES | |
| 908 | _a130325 | ||
| 950 | _@1 | ||
| 999 |
_c9973 _d9973 |
||